Sports Quiz

Random Sports or NHL Quiz

Four Big 4 Teams States & Provinces Quiz Stats

 Plays Quiz Updated Jul 8, 2021

Support Sporcle.
Go Orange.
Score 0/7 Timer 02:00
0 Plays Today
% Correct
???
64.2%
???
63.2%
???
62.5%
???
59.3%
???
58.6%
???
39.2%
???
36.1%

You're not logged in!

Compare scores with friends on all Sporcle quizzes.
OR
Log In
Forgot?

From the Vault

USN Aircraft Carriers (All-Time)

by DaveRedsfan

At no time in this quiz are you going to proclaim 'We're gonna need a bigger boat'.
Remove Ads.
Support Sporcle.
Get the best of Sporcle when you Go Orange. This ad-free experience offers more features, more stats, and more fun while also helping to support Sporcle. Thank you for becoming a member.

Show Comments

Extras

Top Quizzes Today


Score Distribution

Your Account Isn't Verified!

In order to create a playlist on Sporcle, you need to verify the email address you used during registration. Go to your Sporcle Settings to finish the process.

Report this User

Report this user for behavior that violates our Community Guidelines.

Details: